Zen: (Record no. 1521)
[ view plain ]
| 000 -LEADER | |
|---|---|
| fixed length control field | 00409nam a2200169Ia 4500 |
| 001 - CONTROL NUMBER | |
| control field | 1212 |
| 008 - FIXED-LENGTH DATA ELEMENTS--GENERAL INFORMATION | |
| fixed length control field | 140313s9999 xx 000 0 und d |
| 020 ## - INTERNATIONAL STANDARD BOOK NUMBER | |
| International Standard Book Number | 91406102 |
| 040 ## - CATALOGING SOURCE | |
| Transcribing agency | PK-LaUMT |
| 082 ## - DEWEY DECIMAL CLASSIFICATION NUMBER | |
| Classification number | 294.3927 |
| Item number | KAP-Z |
| 100 ## - MAIN ENTRY--PERSONAL NAME | |
| Personal name | Philip Roshi Kapleau |
| 245 ## - TITLE STATEMENT | |
| Title | Zen: |
| Remainder of title | Dawn in the west. |
| Statement of responsibility, etc | Philip Roshi Kapleau |
| 260 ## - PUBLICATION, DISTRIBUTION, ETC. (IMPRINT) | |
| Place of publication, distribution, etc | London, UK: |
| Name of publisher, distributor, etc | Rider, |
| Date of publication, distribution, etc | 1979. |
| 300 ## - PHYSICAL DESCRIPTION | |
| Extent | 311 p. |
| 546 ## - LANGUAGE NOTE | |
| Language note | EN |
| 942 ## - ADDED ENTRY ELEMENTS (KOHA) | |
| Koha item type | Books |
| Withdrawn status | Lost status | Source of classification or shelving scheme | Damaged status | Not for loan | Home library | Current library | Date acquired | Total Checkouts | Full call number | Barcode | Date last seen | Price effective from | Koha item type |
|---|---|---|---|---|---|---|---|---|---|---|---|---|---|
| Dewey Decimal Classification | UMT Main Campus | UMT Main Campus | 2014-03-13 | 294.3927 KAP-Z | 3588 | 2014-03-13 | 2014-03-13 | Books | |||||
| Dewey Decimal Classification | UMT Main Campus | UMT Main Campus | 2014-05-23 | 294.3927 KAP-Z | 3589 | 2014-05-23 | 2014-05-23 | Books | |||||
| Dewey Decimal Classification | UMT Main Campus | UMT Main Campus | 2014-05-23 | 294.3927 KAP-Z | 3590 | 2014-05-23 | 2014-05-23 | Books |
